000 01325cam a22002054a 4500
005 20250605164137.0
008 250528s ||||||||||||||||||||||||d
035 _a18828
020 _a335190944
040 _aGR-AtMCL
_bgre
_dGR-AtMCL
_eAACR2
245 1 _aDoing Your Research Project / A Guide for First-Time Researchers in Education and Social Sciences
250 _a2nd
260 _bOpen University Press,
_c1993
300 _a180
520 _aThis book aims to provide you with the tools to do the job, to help you avoid some of the pitfalls and time-wasting false trails that can eat into your time, and to establish good research habits. Preface, Acknowledgements, Introduction, Preparing the Ground, Approaches to Educational Research, Planning the Project, Keeping Records and Making Notes, Reviewing the Literature, Negotiating Access and the Problems of ''Inside'' Research, Selecting Methods of Data Collection, The Analysis of Documentary Evidence, Designing and Administering Questionnaire, Planning and Conducting Interviews, Diaries, Observation Studies, Interpreting the Evidence and Reporting the Findings, Interpretation and Presentation of the Evidence, Writing the Report, Postscript, Bibliography, Index.
700 1 _aBell Judith
_92581
942 _cBK
999 _c4140
_d4140